Pokémon - Attacken von Sonnflora in SD/LP - Statistiken

Allgemein
  • Dieses Quiz wurde 2 mal gespielt
  • Das Durchschnittsergebnis liegt bei 9 aus 47
Antwortstatistiken
Antwort % Korrekt
Solarstrahl
100%
Tackle
100%
Absorber
50%
Anziehung
50%
Blitz
50%
Doppelteam
50%
Energieball
50%
Fluch
50%
Gigasauger
50%
Hyperstrahl
50%
Kugelsaat
50%
Megasauger
50%
Rasierblatt
50%
Sonnentag
50%
Strauchler
50%
Zerschneider
50%
Angeberei
0%
Ausdauer
0%
Blättersturm
0%
Blättertanz
0%
Blütenwirbel
0%
Bodyguard
0%
Delegator
0%
Egelsamen
0%
Erholung
0%
Fassade
0%
Floraschutz
0%
Gigastoß
0%
Grasfeld
0%
Klaps
0%
Lichtschild
0%
Lockduft
0%
Matschbombe
0%
Morgengrauen
0%
Natur-Kraft
0%
Notsituation
0%
Rechte Hand
0%
Risikotackle
0%
Samenbomben
0%
Schlafrede
0%
Schutzschild
0%
Schwerttanz
0%
Sorgensamen
0%
Synthese
0%
Verwurzler
0%
Wachstum
0%
Zugabe
0%
Keine übereinstimmenden Quizze gefunden
Verteilung der Resultate
Anzahl Personen mit jedem Resultat
Perzentil nach korrekt beantworteten Fragen
Ihre Resultats-Entwicklung
Sie haben dieses Quiz noch nicht gespielt